<?xml version="1.0" encoding="UTF-8"?>
<collection xmlns="http://www.loc.gov/MARC21/slim">
 <record>
  <leader>06544nam a2200433 a 4500</leader>
  <controlfield tag="001">kal1989</controlfield>
  <controlfield tag="003">Gr-AtHEAL</controlfield>
  <controlfield tag="005">20160422095025.0</controlfield>
  <controlfield tag="006">m        d        </controlfield>
  <controlfield tag="008">160413s2015    gr      s           gre|c</controlfield>
  <datafield tag="020" ind1=" " ind2=" ">
   <subfield code="a">9789606032493</subfield>
  </datafield>
  <datafield tag="040" ind1=" " ind2=" ">
   <subfield code="a">GR-AtHEAL</subfield>
   <subfield code="b">gre</subfield>
   <subfield code="c">GR-AtHEAL</subfield>
  </datafield>
  <datafield tag="082" ind1="0" ind2="4">
   <subfield code="a">809</subfield>
   <subfield code="2">23</subfield>
  </datafield>
  <datafield tag="100" ind1="1" ind2=" ">
   <subfield code="a">Καρακάση, Αικατερίνη.</subfield>
   <subfield code="8">1350</subfield>
  </datafield>
  <datafield tag="245" ind1="1" ind2="0">
   <subfield code="a">Ιστορία και θεωρία των λογοτεχνικών γενών και ειδών</subfield>
   <subfield code="h">[Ηλεκτρονικός πόρος] </subfield>
   <subfield code="b">Παραδείγματα και εφαρμογές</subfield>
   <subfield code="c">Καρακάση, Αικατερίνη ; Σπυριδοπούλου, Μαρία ; Κοτελίδης, Γεώργιος ; Κριτικός αναγνώστης,Χρυσανθόπουλος, Μιχάλης ; Γραφιστική επιμέλεια,Παπαδόπουλος, Κυριακός ; Γλωσσική επιμέλεια,Ντάφος, Βάιος.</subfield>
  </datafield>
  <datafield tag="260" ind1=" " ind2=" ">
   <subfield code="a">Αθήνα :</subfield>
   <subfield code="b">Σύνδεσμος Ελληνικών Ακαδημαϊκών Βιβλιοθηκών,</subfield>
   <subfield code="c">c2015.</subfield>
  </datafield>
  <datafield tag="490" ind1=" " ind2=" ">
   <subfield code="a">Ακαδημαϊκά Ηλεκτρονικά Συγγράμματα και Βοηθήματα Κάλλιπος</subfield>
   <subfield code="8">40</subfield>
  </datafield>
  <datafield tag="520" ind1=" " ind2=" ">
   <subfield code="a">Το προτεινόμενο διδακτικό εγχειρίδιο μπορεί να χρησιμοποιηθεί ως κύριο ή / και ως επικουρικό σύγγραμμα από προπτυχιακούς και μεταπτυχιακούς φοιτητές ανθρωπιστικών επιστημών που διδάσκονται ξένη ή ελληνική λογοτεχνία, συγκριτική φιλολογία και θεατρολογία. Έχει ως αντικείμενο την κριτική παρουσίαση των γενών και των ειδών που εμφανίστηκαν, καθιερώθηκαν και κωδικοποιήθηκαν στην ιστορία της ευρωπαϊκής λογοτεχνίας αλλά και της θεωρίας περί αυτών μέσω της κριτικής επισκόπησης σημαντικών ποιητικών που έδρασαν ανά τους αιώνες και διαμόρφωσαν την αισθητική, την πρόσληψη και την παραγωγή της λογοτεχνίας. Εκκινώντας από την αποδοχή ότι «το γένος είναι η δομή της οποίας παραλλαγές είναι τα έργα» θα προσεγγίσουμε τις κατηγορίες και υποκατηγορίες της λογοτεχνικής παραγωγής με δύο τρόπους: α) από ιστορικής άποψης, ακολουθώντας εκ του σύνεγγυς την εμφάνιση, επιβίωση ή εξαφάνισή τους στις διάφορες εποχές δημιουργίας τους (άξονας διαχρονίας) και β) από θεωρητικής άποψης διερευνώντας και παρουσιάζοντας τα χαρακτηριστικά εκείνα γνωρίσματα που μας επιτρέπουν την κατηγοριοποίηση των έργων σε συγκεκριμένα γένη και είδη (άξονας συγχρονίας). Για παράδειγμα, θα παρουσιάσουμε τόσο τα δομικά στοιχεία που διέπουν το είδος του μυθιστορήματος όσο και τις μεταβολές του ανά τους αιώνες. Θα συνδέσουμε τη θεωρία με την πράξη μέσω παραδειγμάτων και πρακτικών εφαρμογών και γι’ αυτό τα κεφάλαια θα αποτελούνται από δύο μέρη: α) το πρώτο και μεγαλύτερο θα αναλύει τη σύγχρονη λογοτεχνική παραγωγή παρουσιάζοντας τα κυρίαρχα ή νεόκοπα είδη, ενώ παράλληλα θα εξετάζει τις «δράσεις» ή «αντιδράσεις» της θεωρίας και β) το δεύτερο μέρος θα απαρτίζεται από μικρά αποσπάσματα θεωρητικών κειμένων και σύντομο σχολιασμό τους (με στόχο την εξοικείωση των φοιτητών στην κριτική σκέψη) και από σύντομα αποσπάσματα κειμένων της νεοελληνικής και ευρωπαϊκής λογοτεχνίας άμεσα συνυφασμένων με τα γένη/είδη που έχουν σκιαγραφηθεί στο αντίστοιχο κεφάλαιο.</subfield>
  </datafield>
  <datafield tag="650" ind1=" " ind2="0">
   <subfield code="a">Literary and cultural theory</subfield>
   <subfield code="8">2222</subfield>
  </datafield>
  <datafield tag="653" ind1=" " ind2=" ">
   <subfield code="a">Δραματικός λόγος</subfield>
  </datafield>
  <datafield tag="653" ind1=" " ind2=" ">
   <subfield code="a">Λυρικός λόγος</subfield>
  </datafield>
  <datafield tag="653" ind1=" " ind2=" ">
   <subfield code="a">Πεζός λόγος</subfield>
  </datafield>
  <datafield tag="653" ind1=" " ind2=" ">
   <subfield code="a">Λογοτεχνικά είδη</subfield>
  </datafield>
  <datafield tag="653" ind1=" " ind2=" ">
   <subfield code="a">Λογοτεχνικά γένη</subfield>
  </datafield>
  <datafield tag="653" ind1=" " ind2=" ">
   <subfield code="a">Θεωρία και ιστορία της λογοτεχνίας</subfield>
  </datafield>
  <datafield tag="653" ind1=" " ind2=" ">
   <subfield code="a">Λογοτεχνία</subfield>
  </datafield>
  <datafield tag="653" ind1=" " ind2=" ">
   <subfield code="a">Τέχνες και γράμματα</subfield>
   <subfield code="a">Τέχνες του θεάματος</subfield>
   <subfield code="a">Θέατρο και παραστατικές τέχνες</subfield>
   <subfield code="a">Θέατρο</subfield>
  </datafield>
  <datafield tag="653" ind1=" " ind2=" ">
   <subfield code="a">Τέχνες και γράμματα</subfield>
   <subfield code="a">Φιλολογία</subfield>
   <subfield code="a">ΛΟΓΟΤΕΧΝΙΚΕΣ ΜΟΡΦΕΣ ΚΑΙ ΛΟΓΟΤΕΧΝΙΚΑ ΕΙΔΗ</subfield>
   <subfield code="a">ΠΕΖΟΓΡΑΦΙΑ</subfield>
  </datafield>
  <datafield tag="653" ind1=" " ind2=" ">
   <subfield code="a">Τέχνες και γράμματα</subfield>
   <subfield code="a">Φιλολογία</subfield>
   <subfield code="a">Λογοτεχνικές μορφές και λογοτεχνικά είδη</subfield>
   <subfield code="a">Ποίηση</subfield>
  </datafield>
  <datafield tag="653" ind1=" " ind2=" ">
   <subfield code="a">Τέχνες και γράμματα</subfield>
   <subfield code="a">Φιλολογία</subfield>
   <subfield code="a">Συγκριτική φιλολογία</subfield>
  </datafield>
  <datafield tag="653" ind1=" " ind2=" ">
   <subfield code="a">Τέχνες και γράμματα</subfield>
   <subfield code="a">Φιλολογία</subfield>
   <subfield code="a">Λογοτεχνία</subfield>
  </datafield>
  <datafield tag="700" ind1="1" ind2=" ">
   <subfield code="a">Κοτελίδης, Γεώργιος</subfield>
   <subfield code="e">Συγγραφέας</subfield>
   <subfield code="8">1351</subfield>
  </datafield>
  <datafield tag="700" ind1="1" ind2=" ">
   <subfield code="a">Σπυριδοπούλου, Μαρία</subfield>
   <subfield code="e">Συγγραφέας</subfield>
   <subfield code="8">1352</subfield>
  </datafield>
  <datafield tag="700" ind1="1" ind2=" ">
   <subfield code="a">Χρυσανθόπουλος, Μιχάλης</subfield>
   <subfield code="e">Κριτικός αναγνώστης</subfield>
   <subfield code="8">1353</subfield>
  </datafield>
  <datafield tag="856" ind1="4" ind2="0">
   <subfield code="u">http://hdl.handle.net/11419/1989</subfield>
   <subfield code="z">Πλήρες Κείμενο - Full text</subfield>
  </datafield>
  <datafield tag="907" ind1=" " ind2=" ">
   <subfield code="a">.b25677251</subfield>
   <subfield code="b">12-06-18</subfield>
   <subfield code="c">29-07-16</subfield>
  </datafield>
  <datafield tag="949" ind1=" " ind2=" ">
   <subfield code="0">0</subfield>
   <subfield code="1">0</subfield>
   <subfield code="2">ddc</subfield>
   <subfield code="4">0</subfield>
   <subfield code="6">809_000000000000000_ΚΑΡ</subfield>
   <subfield code="7">0</subfield>
   <subfield code="8">KALL</subfield>
   <subfield code="8">483</subfield>
   <subfield code="d">2016-04-13</subfield>
   <subfield code="r">2016-04-13</subfield>
   <subfield code="w">2016-04-13</subfield>
   <subfield code="z">809 ΚΑΡ</subfield>
   <subfield code="o">SEAB KALLIPOS</subfield>
  </datafield>
  <datafield tag="998" ind1=" " ind2=" ">
   <subfield code="a">80</subfield>
   <subfield code="a">01</subfield>
   <subfield code="a">02</subfield>
   <subfield code="a">03</subfield>
   <subfield code="a">04</subfield>
   <subfield code="a">05</subfield>
   <subfield code="a">06</subfield>
   <subfield code="a">07</subfield>
   <subfield code="a">08</subfield>
   <subfield code="a">09</subfield>
   <subfield code="a">10</subfield>
   <subfield code="a">11</subfield>
   <subfield code="a">12</subfield>
   <subfield code="a">13</subfield>
   <subfield code="a">14</subfield>
   <subfield code="a">15</subfield>
   <subfield code="a">16</subfield>
   <subfield code="a">17</subfield>
   <subfield code="a">18</subfield>
   <subfield code="a">19</subfield>
   <subfield code="a">20</subfield>
   <subfield code="a">21</subfield>
   <subfield code="a">22</subfield>
   <subfield code="a">23</subfield>
   <subfield code="a">24</subfield>
   <subfield code="a">25</subfield>
   <subfield code="a">26</subfield>
   <subfield code="b">15-08-05</subfield>
   <subfield code="c">m</subfield>
   <subfield code="d">z  </subfield>
   <subfield code="e">-</subfield>
   <subfield code="f">gre</subfield>
   <subfield code="g">gr </subfield>
   <subfield code="h">0</subfield>
  </datafield>
  <datafield tag="942" ind1=" " ind2=" ">
   <subfield code="2">ddc</subfield>
   <subfield code="c">KALLIPOS</subfield>
  </datafield>
 </record>
</collection>
